Подготовка электронных документов в CAD. Лабораторный практикум: учебное пособие

Xehetasun bibliografikoak
Egile nagusia: Алфёрова Е. А. Екатерина Александровна
Erakunde egilea: Национальный исследовательский Томский политехнический университет (ТПУ) Юргинский технологический институт (филиал) (ЮТИ) Кафедра технологии машиностроения (ТМС)
Gaia:Заглавие с титульного экрана
Электронная версия печатной публикации
Режим доступа: из корпоративной сети ТПУ
Hizkuntza:errusiera
Argitaratua: Томск, Изд-во ТПУ, 2014
Gaiak:
Sarrera elektronikoa:http://www.lib.tpu.ru/fulltext2/m/2014/m351.pdf
Formatua: MixedMaterials Baliabide elektronikoa Liburua
KOHA link:https://koha.lib.tpu.ru/cgi-bin/koha/opac-detail.pl?biblionumber=274055

MARC

LEADER 00000nlm0a2200000 4500
001 274055
005 20231218153346.0
035 |a (RuTPU)RU\TPU\book\297265 
090 |a 274055 
100 |a 20141030d2014 m y0rusy50 ca 
101 0 |a rus 
102 |a RU 
105 |a a j 001zy 
135 |a drcn ---uucaa 
181 0 |a i  
182 0 |a b 
200 1 |a Подготовка электронных документов в CAD. Лабораторный практикум  |e учебное пособие  |f Е. А. Алфёрова  |g Национальный исследовательский Томский политехнический университет (ТПУ) 
203 |a Текст  |c электронный 
210 |a Томск  |c Изд-во ТПУ  |d 2014 
300 |a Заглавие с титульного экрана 
300 |a Электронная версия печатной публикации 
333 |a Режим доступа: из корпоративной сети ТПУ 
337 |a Adobe Reader 
606 1 |a Тексты (вычислительная техника)  |x Обработка  |2 stltpush  |3 (RuTPU)RU\TPU\subj\71516  |9 85392 
610 1 |a электронный ресурс 
610 1 |a учебные пособия 
610 1 |a труды учёных ТПУ 
610 1 |a электронные документы 
610 1 |a CAD 
610 1 |a автоматизированное проектирование 
610 1 |a 2D-модели 
610 1 |a 3D-модели 
610 1 |a САПР 
610 1 |a Компас-3D 
610 1 |a ADEM 
610 1 |a двумерное проектирование 
610 1 |a чертежи 
610 1 |a трехмерное проектирование 
610 1 |a двумерные модели 
610 1 |a трехмерные модели 
610 1 |a лабораторные работы 
675 |a 004.912(076.5)  |v 4 
700 1 |a Алфёрова  |b Е. А.  |c специалист в области машиностроения  |c доцент Юргинского технологического института (филиала) Томского политехнического университета, кандидат физико-математических наук  |f 1982-  |g Екатерина Александровна  |3 (RuTPU)RU\TPU\pers\26530  |9 12224 
712 0 2 |a Национальный исследовательский Томский политехнический университет (ТПУ)  |b Юргинский технологический институт (филиал) (ЮТИ)  |b Кафедра технологии машиностроения (ТМС)  |3 (RuTPU)RU\TPU\col\18902 
801 1 |a RU  |b 63413507  |c 20130821 
801 2 |a RU  |b 63413507  |c 20160617  |g RCR 
856 4 |u http://www.lib.tpu.ru/fulltext2/m/2014/m351.pdf 
942 |c CF